[Event "FRA-chT2 1011"]
[Site "France"]
[Date "2010.11.13"]
[Round "2.7"]
[White "Martinez, Rodolphe"]
[Black "Nkada, Alexandre"]
[Result "0-1"]
[WhiteElo "1881"]
[BlackElo "2064"]
[PlyCount "66"]
[EventDate "2010.10.17"]
[EventType "team-tourn"]
[EventRounds "11"]
[EventCountry "FRA"]
[SourceTitle "EXT 2012"]
[Source "ChessBase"]
[SourceDate "2011.11.24"]
[SourceVersion "1"]
[SourceVersionDate "2011.11.24"]
[SourceQuality "1"]

1. e4 c5 2. Nf3 e6 3. d3 Nc6 4. g3 d6 5. Bg2 Nf6 6. 0-0 Be7 7. Re1 0-0 8. Nbd2 Bd7 9. Nf1 Qc7 10. h4 Ne5 11. N3h2 Bc6 12. f4 Ned7 13. g4 Nb6 14. g5 Nfd7 15. Ng3 d5 16. e5 d4 17. Be4 Bxe4 18. Nxe4 Kh8 19. Qh5 c4 20. Re2 cxd3 21. cxd3 Nd5 22. Rg2 Ne3 23. Bxe3 dxe3 24. Ng4 Qb6 25. Kh1 Qd4 26. Rd1 Rac8 27. Re2 Nc5 28. Ngf6 gxf6 29. gxf6 Nxe4 30. dxe4 Qxd1+ 31. Kh2 Rc1 32. fxe7 Qh1+ 33. Kg3 Rg1+ 0-1

[Event "Paris-ch op-A"]
[Site "Paris"]
[Date "2010.07.08"]
[Round "6"]
[White "Nkada, Alexandre"]
[Black "Bensaid, Alexandre"]
[Result "1-0"]
[WhiteElo "2076"]
[BlackElo "1921"]
[PlyCount "67"]
[EventDate "2010.07.03"]
[EventType "swiss"]
[EventRounds "9"]
[EventCountry "FRA"]
[SourceTitle "CBM 137 Extra"]
[Source "ChessBase"]
[SourceDate "2010.09.01"]
[SourceVersion "1"]
[SourceVersionDate "2010.09.01"]
[SourceQuality "1"]

1. e4 c5 2. Nf3 Nc6 3. Bb5 g6 4. 0-0 Bg7 5. c3 e5 6. d4 cxd4 7. cxd4 exd4 8. Bf4 d5 9. exd5 Qxd5 10. Qa4 Nge7 11. Bc4 Qf5 12. Bd6 0-0 13. Qa3 Re8 14. Re1 Qf6 15. Nbd2 Bf5 16. Ne4 Bxe4 17. Rxe4 Nf5 18. Rxe8+ Rxe8 19. Bc5 b6 20. Bb4 a5 21. Bd2 Ne5 22. Nxe5 Rxe5 23. Rc1 Bf8 24. Qf3 Qg7 25. Bd3 Ne7 26. Rc7 Re6 27. Bc4 Re5 28. Qb7 Qf6 29. Qa8 g5 30. Rd7 Rc5 31. Bd3 Nc6 32. Bxh7+ Kxh7 33. Qxf8 Ne5 34. Rd6 1-0

[Event "Paris-ch op-A"]
[Site "Paris"]
[Date "2010.07.07"]
[Round "5"]
[White "Dicko, Henri"]
[Black "Nkada, Alexandre"]
[Result "1-0"]
[WhiteElo "2191"]
[BlackElo "2076"]
[PlyCount "93"]
[EventDate "2010.07.03"]
[EventType "swiss"]
[EventRounds "9"]
[EventCountry "FRA"]
[SourceTitle "CBM 137 Extra"]
[Source "ChessBase"]
[SourceDate "2010.09.01"]
[SourceVersion "1"]
[SourceVersionDate "2010.09.01"]
[SourceQuality "1"]

1. e4 c5 2. Nf3 e6 3. d4 cxd4 4. Nxd4 a6 5. Bd3 Bc5 6. Nb3 Ba7 7. 0-0 Nc6 8. Nc3 Nf6 9. Bg5 Qc7 10. Kh1 h5 11. Bxf6 gxf6 12. Qf3 Qe5 13. Rae1 Bb8 14. Qh3 Qg5 15. Ne2 Qg4 16. Qe3 Rg8 17. g3 b5 18. f3 Qg5 19. f4 Qg7 20. Qf3 Qg4 21. Qg2 Ba7 22. f5 Qg5 23. fxe6 fxe6 24. Qf3 Ke7 25. Nf4 h4 26. gxh4 Qg7 27. Nh5 Ne5 28. Qxf6+ Qxf6 29. Nxf6 Rg6 30. Nd5+ Kd6 31. Nf4 Rg4 32. h5 Bb7 33. Na5 Bc6 34. Nxc6 dxc6 35. Rd1 Ke7 36. Be2 Rg5 37. h3 Rag8 38. Bg4 Nxg4 39. hxg4 Rxg4 40. Ng6+ Ke8 41. Rf6 Rg3 42. Kh2 Bb8 43. e5 R3xg6 44. Rxg6 Bxe5+ 45. Kh3 Rxg6 46. hxg6 Ke7 47. Rf1 1-0

[Event "Paris-ch"]
[Site "Paris"]
[Date "2006.07.12"]
[Round "6"]
[White "Sohier, Julien"]
[Black "Nkada, Alexandre"]
[Result "1-0"]
[WhiteElo "2203"]
[BlackElo "2130"]
[PlyCount "43"]
[EventDate "2006.07.08"]
[EventType "swiss"]
[EventRounds "9"]
[EventCountry "FRA"]
[SourceTitle "EXT 2007"]
[Source "ChessBase"]
[SourceDate "2006.11.23"]
[SourceVersion "1"]
[SourceVersionDate "2006.11.23"]
[SourceQuality "1"]

1. e4 c5 2. Nf3 e6 3. d4 cxd4 4. Nxd4 a6 5. Nc3 Qc7 6. Be3 Nf6 7. Bd3 Bb4 8. 0-0 Nc6 9. Kh1 Ne5 10. f4 Nc4 11. Bxc4 Qxc4 12. e5 Bxc3 13. exf6 Bxd4 14. Bxd4 g6 15. Rf3 b5 16. Rc3 Qd5 17. Rc5 Qe4 18. Qd2 Bb7 19. Re1 d6 20. Rxe4 dxc5 21. Bxc5 Rd8 22. Rd4 1-0

[Event "Syre Memorial op 29th"]
[Site "Issy les Moulineaux"]
[Date "2006.05.27"]
[Round "4"]
[White "Piot, Olivier"]
[Black "Nkada, Alexandre"]
[Result "1/2-1/2"]
[WhiteElo "2244"]
[BlackElo "2130"]
[PlyCount "64"]
[EventDate "2006.05.25"]
[EventType "swiss"]
[EventRounds "6"]
[EventCountry "FRA"]
[SourceTitle "EXT 2007"]
[Source "ChessBase"]
[SourceDate "2006.11.23"]
[SourceVersion "1"]
[SourceVersionDate "2006.11.23"]
[SourceQuality "1"]

1. d4 d5 2. c4 dxc4 3. Nf3 e6 4. e3 Nf6 5. Bxc4 c5 6. 0-0 Nc6 7. Nc3 a6 8. Bb3 Be7 9. dxc5 Qxd1 10. Rxd1 Bxc5 11. Bd2 0-0 12. Na4 Ba7 13. Rac1 Rd8 14. Be1 Rxd1 15. Bxd1 Nd5 16. Nc5 Ndb4 17. a3 Bxc5 18. Rxc5 Nd3 19. Rc2 Nxe1 20. Nxe1 Bd7 21. Nd3 Rd8 22. Bf3 e5 23. Nc5 Bf5 24. Rc1 e4 25. Bxe4 Bxe4 26. Nxe4 f5 27. Nc5 Rd2 28. Nxb7 Rxb2 29. g3 Ne5 30. Nd6 g6 31. Nc4 Nxc4 32. Rxc4 Rb6 1/2-1/2